Normal view MARC view
  • DEB,ASHOK KUMAR

Entry Personal Name

Number of records used in: 7

001 - CONTROL NUMBER

  • control field: 6283

003 - CONTROL NUMBER IDENTIFIER

  • control field: OSt

005 - DATE AND TIME OF LATEST TRANSACTION

  • control field: 20200710114058.0

008 - FIXED-LENGTH DATA ELEMENTS

  • fixed length control field: 200710|| aca||aabn | a|a d

040 ## - CATALOGING SOURCE

  • Original cataloging agency: OSt
  • Transcribing agency: OSt

100 ## - HEADING--PERSONAL NAME

  • Personal name: DEB,ASHOK KUMAR

670 ## - SOURCE DATA FOUND

  • Source citation: Work cat.: (OSt): DEB,ASHOK KUMAR, INDIAN BAR REVIEW Vol. XXXV 11(1TO 2) 2010, 2010